Vocabulary Woven into Description - Statistics

General Stats
  • This quiz has been taken 6 times
  • The average score is 66 of 81
Answer Stats
Question Tile Select % Correct
Her (changeable) lectures Accentuate No
100%
Her (changeable) lectures Ambience No
100%
Her (changeable) lectures Desultory No
100%
Her (changeable) lectures Laud No
100%
Her (changeable) lectures Query No
100%
Her (changeable) lectures Tirade No
100%
were (disappointing and jumping from one thing to another) in every sense of the word. Accentuate No
83%
One second she would (praise) the Ancient Greeks, Accentuate No
83%
and the next she would spit (insults) against quondam (former) politicians who had been controversial in her day. Accentuate No
83%
The (atmosphere) was that of a minefield. Accentuate No
83%
Nobody dared have a (question or doubt) lest she explode. Accentuate No
83%
Her clothing style matched that of her (angry speech). Accentuate No
83%
The bobbing of oversized earrings would (emphasize) her fury Accentuate Yes
83%
though they would be (inconsistently) paired with a plain blazer. Accentuate No
83%
were (disappointing and jumping from one thing to another) in every sense of the word. Ambience No
83%
One second she would (praise) the Ancient Greeks, Ambience No
83%
and the next she would spit (insults) against quondam (former) politicians who had been controversial in her day. Ambience No
83%
The bobbing of oversized earrings would (emphasize) her fury Ambience No
83%
though they would be (inconsistently) paired with a plain blazer. Ambience No
83%
One second she would (praise) the Ancient Greeks, Desultory No
83%
Nobody dared have a (question or doubt) lest she explode. Desultory No
83%
Her clothing style matched that of her (angry speech). Desultory No
83%
The bobbing of oversized earrings would (emphasize) her fury Desultory No
83%
though they would be (inconsistently) paired with a plain blazer. Desultory No
83%
Her (changeable) lectures Incongruously No
83%
One second she would (praise) the Ancient Greeks, Incongruously No
83%
and the next she would spit (insults) against quondam (former) politicians who had been controversial in her day. Incongruously No
83%
The (atmosphere) was that of a minefield. Incongruously No
83%
Nobody dared have a (question or doubt) lest she explode. Incongruously No
83%
Her clothing style matched that of her (angry speech). Incongruously No
83%
The bobbing of oversized earrings would (emphasize) her fury Incongruously No
83%
though they would be (inconsistently) paired with a plain blazer. Incongruously Yes
83%
were (disappointing and jumping from one thing to another) in every sense of the word. Laud No
83%
One second she would (praise) the Ancient Greeks, Laud Yes
83%
and the next she would spit (insults) against quondam (former) politicians who had been controversial in her day. Laud No
83%
The (atmosphere) was that of a minefield. Laud No
83%
Nobody dared have a (question or doubt) lest she explode. Laud No
83%
Her clothing style matched that of her (angry speech). Laud No
83%
The bobbing of oversized earrings would (emphasize) her fury Laud No
83%
though they would be (inconsistently) paired with a plain blazer. Laud No
83%
Her (changeable) lectures Pejoratives No
83%
were (disappointing and jumping from one thing to another) in every sense of the word. Pejoratives No
83%
One second she would (praise) the Ancient Greeks, Pejoratives No
83%
and the next she would spit (insults) against quondam (former) politicians who had been controversial in her day. Pejoratives Yes
83%
Nobody dared have a (question or doubt) lest she explode. Pejoratives No
83%
Her clothing style matched that of her (angry speech). Pejoratives No
83%
The bobbing of oversized earrings would (emphasize) her fury Pejoratives No
83%
though they would be (inconsistently) paired with a plain blazer. Pejoratives No
83%
One second she would (praise) the Ancient Greeks, Protean No
83%
and the next she would spit (insults) against quondam (former) politicians who had been controversial in her day. Protean No
83%
The (atmosphere) was that of a minefield. Protean No
83%
Nobody dared have a (question or doubt) lest she explode. Protean No
83%
Her clothing style matched that of her (angry speech). Protean No
83%
The bobbing of oversized earrings would (emphasize) her fury Protean No
83%
though they would be (inconsistently) paired with a plain blazer. Protean No
83%
were (disappointing and jumping from one thing to another) in every sense of the word. Query No
83%
One second she would (praise) the Ancient Greeks, Query No
83%
and the next she would spit (insults) against quondam (former) politicians who had been controversial in her day. Query No
83%
The (atmosphere) was that of a minefield. Query No
83%
Her clothing style matched that of her (angry speech). Query No
83%
The bobbing of oversized earrings would (emphasize) her fury Query No
83%
though they would be (inconsistently) paired with a plain blazer. Query No
83%
were (disappointing and jumping from one thing to another) in every sense of the word. Tirade No
83%
One second she would (praise) the Ancient Greeks, Tirade No
83%
Nobody dared have a (question or doubt) lest she explode. Tirade No
83%
The bobbing of oversized earrings would (emphasize) her fury Tirade No
83%
though they would be (inconsistently) paired with a plain blazer. Tirade No
83%
The (atmosphere) was that of a minefield. Ambience Yes
67%
Nobody dared have a (question or doubt) lest she explode. Ambience No
67%
Her clothing style matched that of her (angry speech). Ambience No
67%
and the next she would spit (insults) against quondam (former) politicians who had been controversial in her day. Desultory No
67%
The (atmosphere) was that of a minefield. Desultory No
67%
were (disappointing and jumping from one thing to another) in every sense of the word. Incongruously No
67%
The (atmosphere) was that of a minefield. Pejoratives No
67%
Her (changeable) lectures Protean Yes
67%
were (disappointing and jumping from one thing to another) in every sense of the word. Protean No
67%
Nobody dared have a (question or doubt) lest she explode. Query Yes
67%
and the next she would spit (insults) against quondam (former) politicians who had been controversial in her day. Tirade No
67%
The (atmosphere) was that of a minefield. Tirade No
67%
Her clothing style matched that of her (angry speech). Tirade Yes
67%
were (disappointing and jumping from one thing to another) in every sense of the word. Desultory Yes
50%
No matching quizzes found
Score Distribution
Percent of People with Each Score
Percentile by Number Answered
Your Score History
You have not taken this quiz